Protidrogové fórum záznamy zo stretnutí občanov a odborníkov v Mestskej knižnici v Piešťanoch v roku ...

Bibliographic Details
Format: Serial
Language:Slovak
Czech
PhysicalDescription:6 zv. ilustr. 30 cm
Published: Piešťany Mestský úrad 2001-2006
ISBN:8096889001 (brož. : r. 2001/2002)
8096907166 (brož. : r. 2002/2003)
8096925571 (brož. : r. 2003/2004)
8096943480 (brož. : r. 2004/2005)
8096963791 (brož. : r. 2005/2006)
8096870629 (brož. : r. 2000/2001)
Subjects:

MARC

LEADER 00000cas a2200000 a 4500
001 vtls001474834
003 SK-MaSNL
005 20260228161250.0
008 040514d20002006xo ar 0 0b0slo
015 |a SNBA2004/05-01718 (r. 2000/2001) 
020 |a 8096889001 (brož. : r. 2001/2002) 
020 |a 8096907166 (brož. : r. 2002/2003) 
020 |a 8096925571 (brož. : r. 2003/2004) 
020 |a 8096943480 (brož. : r. 2004/2005) 
020 |a 8096963791 (brož. : r. 2005/2006) 
020 |a 8096870629 (brož. : r. 2000/2001) 
035 |a SNK000430135 
040 |a SNK  |b slo  |c SNK  |e AACR2 
041 0 |a slo  |a cze 
044 |a xo  |c SK 
072 7 |a 613  |x Hygiena. Ľudské zdravie  |2 konspekt 
072 7 |a 364  |x Sociálne problémy vyžadujúce podporu a pomoc. Sociálne zabezpečenie  |2 konspekt 
080 |a 613.81/.84  |2 2011 
080 |a 364.692:615.015.6  |2 2011 
080 |a (082)  |2 2011 
080 |a 364.392:615.015:615.2  |2 2011 
245 0 0 |a Protidrogové fórum  |b záznamy zo stretnutí občanov a odborníkov v Mestskej knižnici v Piešťanoch v roku ... 
260 |a Piešťany  |b Mestský úrad  |c 2001-2006 
300 |a 6 zv.  |b ilustr.  |c 30 cm 
310 |a 1x ročne 
362 0 |a 2000/2001-2005/2006 
500 |a Súčasťou podnázvu je označenie prelomového roku 
500 |a Popis podľa: R. 2001/2002 
546 |a Čiastočný text český 
650 0 7 |a drogy  |2 SNKPH  |9 1552 
650 0 7 |a drogová závislosť  |2 SNKPH  |9 1551 
650 0 7 |a drogová prevencia  |2 SNKPH  |9 1549 
655 7 |a zborníky  |2 SNKPH  |9 70165 
910 |a snk 
910 |a 80-968706-2-9 
919 |a 80-968890-0-1 
919 |a 80-969071-6-6 
919 |a 80-969255-7-1 
919 |a 80-969434-8-0 
919 |a 80-969637-9-1 
958 |a MI 
999 |c 4850  |d 6780 
952 |0 0  |1 0  |4 0  |7 0  |a SNK  |b SNK  |d 2004-05-14  |i snkPV 712/2004  |l 0  |o snkČSB 5207/2001-2002  |p 17A0431035  |r 2005-01-02 00:00:00  |w 2026-02-21  |y PREZ 
952 |0 0  |1 0  |4 0  |7 0  |a SNK  |b SNK  |d 2004-05-14  |i snkPV 713/2004  |l 0  |o snkČSB 5207/2001-2002 D1  |p 17A0431036  |r 2005-01-02 00:00:00  |w 2026-02-21  |y PREZ 
952 |0 0  |1 0  |4 0  |7 1  |8 1  |a SNK  |b SNK  |d 2011-06-02  |i snk2011/12736  |l 0  |o snkČSB 5207/2006-2007  |p 17A0595110  |r 2026-02-21 19:57:17  |w 2026-02-21  |y NEVYP 
952 |0 0  |1 0  |4 0  |7 1  |8 1  |a SNK  |b SNK  |d 2011-05-31  |i snk2011/12648  |l 0  |o snkČSB 5207/2007-2008  |p 17A1460521  |r 2026-02-21 19:57:24  |w 2026-02-21  |y NEVYP 
952 |0 0  |1 0  |4 0  |7 1  |8 3  |a SNK  |b SNK  |d 2011-05-31  |i snk2011/12649  |l 0  |o snkČSB 5207/2007-2008 D1  |p 17A1460522  |r 2026-02-21 19:57:24  |w 2026-02-21  |y NEVYP 
952 |0 0  |1 0  |4 0  |7 1  |8 1  |a SNK  |b SNK  |d 2011-06-09  |i snk2011/13286  |l 0  |o snkČSB 5207/2006-2007 D1  |p 17A1464529  |r 2026-02-21 20:06:25  |w 2026-02-21  |y NEVYP 
952 |0 0  |1 0  |4 0  |7 1  |8 0  |a SNK  |b SNK  |d 2006-06-30  |i snk2006/13244  |l 0  |o snkČSB 5207/2002-2003  |p 17A0502313  |r 2026-02-21 20:12:58  |w 2026-02-21  |y NEVYP 
952 |0 0  |1 0  |4 0  |7 1  |8 0  |a SNK  |b SNK  |d 2006-06-30  |i snk2006/13245  |l 0  |o snkČSB 5207/2003-2004  |p 17A0502314  |r 2026-02-21 20:12:58  |w 2026-02-21  |y NEVYP 
952 |0 0  |1 0  |4 0  |7 0  |8 0  |a SNK  |b SNK  |d 2006-06-30  |i snk2006/13246  |l 0  |o snkČSB 5207/2003-2004 D1  |p 17A0502315  |r 2026-02-21 20:12:58  |w 2026-02-21  |y PREZ 
952 |0 0  |1 0  |4 0  |7 1  |8 0  |a SNK  |b SNK  |d 2006-06-30  |i snk2006/13247  |l 0  |o snkČSB 5207/2004-2005  |p 17A0502316  |r 2026-02-21 20:12:58  |w 2026-02-21  |y NEVYP 
952 |0 0  |1 0  |4 0  |7 1  |8 0  |a SNK  |b SNK  |d 2007-08-01  |i snk2007/18095  |l 0  |o snkČSB 5207/2005-2006  |p 17A0556093  |r 2026-02-21 21:00:40  |w 2026-02-21  |y NEVYP 
952 |0 0  |1 0  |4 0  |7 0  |8 0  |a SNK  |b SNK  |d 2007-08-01  |i snk2007/18096  |l 0  |o snkČSB 5207/2005-2006 D1  |p 17A0556094  |r 2026-02-21 21:00:40  |w 2026-02-21  |y PREZ 
952 |0 0  |1 0  |4 0  |7 0  |a SNK  |b SNK  |d 2003-03-18  |i snkKSP 4351/2003  |l 0  |o snkČSB 5207/2000-2001  |p 17A0378674  |r 2005-01-02 00:00:00  |w 2026-02-21  |y PREZ 
952 |0 0  |1 0  |4 0  |7 0  |a SNK  |b SNK  |d 2003-03-18  |i snkKSP 4352/2003  |l 0  |o snkČSB 5207/2000-2001 D1  |p 17A0378676  |r 2005-01-02 00:00:00  |w 2026-02-21  |y PREZ